000 00303nam a22001217a 4500
003 OSt
008 150215b xxu||||| |||| 00| 0 eng d
100 1 _aKonwiser, Harry M
041 _aeng
245 1 0 _aAmerican Philatelic Dictionary and Colonial and Revolutionary Posts
260 _b1947
300 _a0 pages
999 _c838
_d838